Statistics for Roster For Atlanta Hawks 2018-19

Click here to take the quiz!

General Stats

  • This quiz has been taken 23 times
  • The average score is 3 of 16

Answer Stats

HintAnswer% Correct
11Trae Young
100%
24Kent Bazemore
40%
15Vince Carter
35%
25Alex Len
20%
14Dewayne Dedmon
20%
20John Collins
20%
95DeAndre' Bembry
15%
3Kevin Huerter
15%
6Omari Spellman
15%
12Taurean Prince
15%
22Alex Poythress
10%
1Justin Anderson
10%
18Miles Plumlee
10%
4Deyonta Davis
5%
8Isaac Humphries
5%
10Jaylen Adams
5%

Score Distribution

Percentile by Number Answered

Percent of People with Each Score

Your Score History

You have not taken this quiz